Principles of conservation biology

Principles of Conservation Biology, Second Edition, is a major revision of the most comprehensive textbook on conservation biology. First published in 1994, and richly praised by reviewers, teachers, and students, Principles was adopted for courses at more than 145 colleges and universities in the U...

Ful tanımlama

Kaydedildi:
Detaylı Bibliyografya
Yazar: Meffe, Gary K.
Materyal Türü: Kitap
Dil:Undetermined
Baskı/Yayın Bilgisi: Sunderland, Ma. Sinauer 1997
Konular:
Etiketler: Etiketle
Etiket eklenmemiş, İlk siz ekleyin!
Thư viện lưu trữ: Trung tâm Học liệu Trường Đại học Cần Thơ
LEADER 01240nam a2200217Ia 4500
001 CTU_141775
008 210402s9999 xx 000 0 und d
082 |a 333.9516 
082 |b M479 
100 |a Meffe, Gary K. 
245 0 |a Principles of conservation biology 
245 0 |c Gary K. Meffe, C. Ronald Carroll 
260 |a Sunderland, Ma. 
260 |b Sinauer 
260 |c 1997 
520 |a Principles of Conservation Biology, Second Edition, is a major revision of the most comprehensive textbook on conservation biology. First published in 1994, and richly praised by reviewers, teachers, and students, Principles was adopted for courses at more than 145 colleges and universities in the United States and Canada. Written by leading experts in the field, it is intended for use in conservation biology courses at the advanced undergraduate (junior and senior) and graduate levels, as well as by researchers and practitioners, and assumes a basic background in biology and ecology. 
526 |a Đa dạng sinh học nâng cao,Đa dạng sinh học 
526 |b CS918,CS632 
650 |a Bảo tồn sinh vật,Conservation biology 
904 |i Trọng Hải 
980 |a Trung tâm Học liệu Trường Đại học Cần Thơ